Методы радиогеохимии при наземных поисках месторождений нефти и газа; Известия Томского политехнического университета [Известия ТПУ]; Т. 311, № 1 : Науки о Земле
| Parent link: | Известия Томского политехнического университета [Известия ТПУ]/ Томский политехнический университет (ТПУ).— , 2000- Т. 311, № 1 : Науки о Земле.— 2007.— [С. 90-96] |
|---|---|
| Hlavní autor: | |
| Shrnutí: | Заглавие с титульного листа Электронная версия печатной публикации Дан обзор состояния радиогеохимических методов поисков месторождений нефти и газа. Рассмотрены возможные причины формирования радиогеохимических аномалий, приведены некоторые подходы при интерпретации радиогеохимических данных. |
| Jazyk: | ruština |
| Vydáno: |
2007
|
| Edice: | Геохимия |
| Témata: | |
| On-line přístup: | http://www.lib.tpu.ru/fulltext/v/Bulletin_TPU/2007/v311/i1/15.pdf |
| Médium: | MixedMaterials Elektronický zdroj Kapitola |
| KOHA link: | https://koha.lib.tpu.ru/cgi-bin/koha/opac-detail.pl?biblionumber=172397 |
MARC
| LEADER | 00000nla2a2200000 4500 | ||
|---|---|---|---|
| 001 | 172397 | ||
| 005 | 20231031164257.0 | ||
| 035 | |a (RuTPU)RU\TPU\book\186962 | ||
| 035 | |a RU\TPU\book\186960 | ||
| 090 | |a 172397 | ||
| 100 | |a 20091213d2007 k y0rusy50 ca | ||
| 101 | 0 | |a rus | |
| 102 | |a RU | ||
| 135 | |a drnn ---uucaa | ||
| 181 | 0 | |a i | |
| 182 | 0 | |a b | |
| 200 | 1 | |a Методы радиогеохимии при наземных поисках месторождений нефти и газа |b Электронный ресурс |f И. С. Соболев | |
| 203 | |a Текст |c электронный | ||
| 215 | |a 1 файл (846 Кб) | ||
| 225 | 1 | |a Геохимия | |
| 230 | |a Электронные текстовые данные (1 файл : 846 Кб) | ||
| 300 | |a Заглавие с титульного листа | ||
| 300 | |a Электронная версия печатной публикации | ||
| 320 | |a [Библиогр.: с. 95-96 (42 назв.)] | ||
| 330 | |a Дан обзор состояния радиогеохимических методов поисков месторождений нефти и газа. Рассмотрены возможные причины формирования радиогеохимических аномалий, приведены некоторые подходы при интерпретации радиогеохимических данных. | ||
| 337 | |a Adobe Reader | ||
| 461 | 1 | |0 (RuTPU)RU\TPU\book\176237 |t Известия Томского политехнического университета [Известия ТПУ] |f Томский политехнический университет (ТПУ) |d 2000- | |
| 463 | 1 | |0 (RuTPU)RU\TPU\book\186947 |t Т. 311, № 1 : Науки о Земле |v [С. 90-96] |d 2007 | |
| 610 | 1 | |a радиогеохимия | |
| 610 | 1 | |a наземные поиски | |
| 610 | 1 | |a месторождения | |
| 610 | 1 | |a нефть | |
| 610 | 1 | |a газ | |
| 610 | 1 | |a радиогеохимический метод | |
| 610 | 1 | |a радиогеохимические аномалии | |
| 610 | 1 | |a радиогеохимические данные | |
| 610 | 1 | |a труды учёных ТПУ | |
| 610 | 1 | |a электронный ресурс | |
| 700 | 1 | |a Соболев |b И. С. |c старший научный сотрудник |c кафедра геоэкологии и геохимии Томского политехнического университета |g Игорь Станиславович |2 stltpush |3 (RuTPU)RU\TPU\pers\24791 | |
| 801 | 1 | |a RU |b 63413507 |c 20090623 |g PSBO | |
| 801 | 2 | |a RU |b 63413507 |c 20211115 |g PSBO | |
| 856 | 4 | |u http://www.lib.tpu.ru/fulltext/v/Bulletin_TPU/2007/v311/i1/15.pdf | |
| 942 | |c CF | ||